| 000 | 00944nam a2200265 a 4500 | ||
|---|---|---|---|
| 001 | 12884 | ||
| 003 | BD-RjUL | ||
| 005 | 20211208235354.0 | ||
| 008 | 140129s1958 enka 001 0 eng d | ||
| 035 | _a(GEU-M)DOBI0031451605 | ||
| 035 | _a(OCoLC)9149039 | ||
| 035 | _a(BD-RjUL)12934 | ||
| 040 |
_aKKP _cKKP _dBD-RjUL _beng |
||
| 041 | _aeng | ||
| 060 | 0 | _aWL 100 W228d 1958 | |
| 082 |
_a616.8 _bWAD |
||
| 100 | 1 |
_aWalshe, Francis, _d1885-1973. _940140 |
|
| 245 | 1 | 0 |
_aDiseases of the nervous system : _bdescribed for practitioners and students / _cby Sir Francis Walshe ; with chapters on the neurological complications of liver disease and hepatolenticular degeneration, by J.M. Walshe |
| 250 | _a8th ed. | ||
| 260 |
_aEdinburgh : _bE & S Livingstone, _c1955. |
||
| 300 |
_axvi, 373 p. : _bill. ; _c25 cm |
||
| 504 | _aIncludes bibliographical references and index | ||
| 650 | 0 |
_aNervous system _xDiseases _940141 |
|
| 942 |
_2ddc _cBK |
||
| 999 |
_c12884 _d12884 |
||